000
00321nam a2200133Ia 4500
005
20260328101458.0
008
260328s9999||||xx |||||||||||||| ||und||
100
_a
Szabo, Aniko
245
0
_a
Buenos Aires por Arte de magia /
_c
Aniko Szabo
260
_b
Gaglianone
300
_a
81 p.
650
_a
URBANISMO
942
_c
BK
999
_c
8887
_d
8887